00820nam a22002177a 4500003000400000005001700004008003800021020001800059040002500077082001600102100003600118245014500154260003800299300002100337490005400358500004300412500003800455504002800493700003100521830005000552OSt20210324143445.0100322s2018 dr 000 0 spa d a9789945590807 aDO-SdBNPbspacBNPHU axxxxbM828r1 aMorales Muñoz, Sergio d1988-10aReflexiones jurídicas, políticas y sociales del entramado ambiental dominicano /cSergio Morales Muñoz ; prólogo Natasha Despotovic  aSanto Domingo :bFUNGLODE,c2018. a103 p. :c21 cm.1 aEstudios y reflexiones ;aDesarrollo sostenible ; aIncluye datos biográficos del autor. aIncluye notas a pie de páginas. aBibliografía p: 93-9512aDespotovic, Natashaeprol. aEstudios y reflexionespDesarrollo sostenible